Sports Quiz

Random Sports Quiz

UFC Welterweight Champions Quiz Stats

Quiz not verified by Sporcle

Challenge
Share
Tweet
Embed
Score 0/14 Timer 03:00
0 Plays Today
Date Champion % Correct
May 17, 2004* - Oct 22, 2004Vacant
100%
UFC 65, Nov 18, 2006Georges St-Pierre (Canadian)
96.4%
UFC 79, Dec 29, 2007 (Interim)Georges St-Pierre (Canadian)
96.4%
UFC 83, Apr 19, 2008Georges St-Pierre (2) (Canadian)
96.4%
UFC 201, Jul 30, 2016Tyron Woodley (American)
92%
UFC 181, Dec 6, 2014Robbie Lawler (American)
88.4%
UFC 34, Nov 2, 2001Matt Hughes (American)
87%
Date Champion % Correct
UFC 50, Oct 22, 2004Matt Hughes (2) (American)
87%
UFC 69, Apr 7, 2007Matt Serra
84.1%
UFC 171, Mar 15, 2014Johny Hendricks (American)
81.2%
UFC 46, Jan 31, 2004B.J. Penn (American)
74.6%
UFC 143, Feb 4, 2012 (Interim)Carlos Condit (American)
67.4%
UFC 31, May 4, 2001Carlos Newton (Canadian)
55.8%
UFC Brazil, Oct 16, 1998Pat Miletich (American)
50%

You're not logged in!

Compare scores with friends on all Sporcle quizzes.
Sign Up with Email
OR
Log In

You Might Also Like...

Show Comments

Extras

Top Quizzes Today


Score Distribution

Your Account Isn't Verified!

In order to create a playlist on Sporcle, you need to verify the email address you used during registration. Go to your Sporcle Settings to finish the process.